000 00311nam a22001457a 4500
008 210301b ||||| |||| 00| 0 eng d
020 _a9780256119855
041 _aeng
080 _a070
082 _a070
100 _a39
101 _aMED
245 _aTechnical Communication
_cLay, M.M
942 _2udc
_cBK
999 _c55346
_d55346